Responses for show #8446 - Monday, July 19, 2021

First game with Robin Roberts as guest host.
Champion's winnings & consolation amounts matched to Be The Match.

Contestants

[<< previous game]

Meg O'Hare, a product manager from Somerville, Massachusetts

Allison Pistorius, an actress and college professor from Dallas, Texas

Josh Saak, a traffic engineer from Boise, Idaho (whose 1-day cash winnings total $18,395)

[next game >>]

Jeopardy! Round responses

PODCASTS
YES "I" CAN!
WHAT'S IN THE CAVE?
AGREE, 2 DISAGREE
HEY, WHERE'S THAT DISH?
(Robin: Each response will include a place or a nationality in that category.)
IT'S IN THE CABINET DEPARTMENT!
    $200 2
(Josh: Who are William and Kate?)

Meghan & Harry

JoshMeg
    $200 7
Ike

Josh
    $200 24
ice

Allison
    $200 3
concessions

Meg
    $200 15
French toast

Allison
    $200 30
Treasury

Meg
    $400 1
Renegades

Allison
    $400 10
(Robin: [Gravelly voice] Yes.)
[Laughter]

Ivan the Terrible

Allison
    $400 6
river

Allison
    $400 16
accord

Josh
    $400 4
Swiss cheese

Josh
    $400 5
Labor

Josh
    $600 8
Secrets

Josh
    $600 9
(Meg: Who is Ira Glass?)

Inskeep

JoshMeg
    $600 18
woolly

Triple Stumper
    $600 25
feud

Allison
    $600 21
Canadian bacon

Allison
    $600 17
State

Meg
    $800 13
This American Life

Meg
    $800 11
Iacocca

Allison
    $800 19
clouds

Allison
    $800 27
the hatchet

Josh
    $800 22
Brazil nuts

Meg
    $800 28
(Meg: What is Health and Human Services?)

Agriculture

Meg
Triple Stumper
    $1000 14
Wondery

Josh
    $1,000 12
(Allison: Who is Isaac?)

Ishmael

Allison
    $1000 20
South Dakota

Josh
    $1000 26
Dissenter

Meg
    $1000 23
Vienna

Josh
    $1000 29
Commerce

Triple Stumper

Scores at the first commercial break (after clue 15):

Josh Allison Meg
$3,000 $1,200 $600

Scores at the end of the Jeopardy! Round:

Josh Allison Meg
$6,200 $3,400 $2,400

Double Jeopardy! Round responses

A TIME OF WAR
FIRST NAMES IN THE DICTIONARY
ONE-NAMED AUTHORS
A VISIT TO PRAGUE
LET'S GET SERIOUS
OLIVIER AWARD WINNERS
(Robin: For excellence on the London stage.)
    $400 16
Battle of Marathon

Josh
    $400 22
Colt

Josh
    $400 8
Voltaire

Allison
    $400 5
(Allison: What is [*]?)
[Robin does not rule on Allison's response]
(Allison: Or a tavern? A pub?)

a brewery

Allison
    $400 1
the Joker

Josh
    $400 4
Ian McKellen

Josh
    $4,400 14
Korean War

Josh
    $800 19
hazel

Josh
    $800 2
Romanticism

Triple Stumper
    $800 12
Wenceslas

Josh
    $800 7
(Robin: Yeah, I always regret those.)

retraction

Josh
    $800 6
Judi Dench

Josh
    $1200 17
Ethiopia

Meg
    $1200 21
a melody

Allison
    $1200 13
Tintin

Josh
    $1200 3
John the Baptist

Allison
    $1200 26
buffa

Allison
    $1200 9
Blanche & Stella

Allison
    $1600 18
(Allison: What is Louisiana?)
...
(Robin: Thank you. [*] twice.)

Mississippi

JoshAllison
    $1,800 24
amber

Josh
    $1600 15
Aristophanes

Allison
    $1600 20
the Holy Roman Empire

Meg
    $1600 27
cirrhosis

Allison
    $1600 10
Gypsy

Allison
    $2000 23
(Meg: What's the Military Cross?)

the Victoria Cross

Meg
Triple Stumper
    $2000 30
jenny

Josh
    $2000 29
Stendhal

Triple Stumper
    $2000 25
Kafka

Josh
    $2000 28
Ibsen

Allison
    $2000 11
Dame Edna

Josh

Scores at the end of the Double Jeopardy! Round:

Josh Allison Meg
$26,000 $14,200 $3,200

[wagering suggestions for these scores]

Final Jeopardy! Round responses

THE 50 STATES
(Robin: [To Josh] Big Island of [*] continues to grow because of eruptions of Kilauea; [**] is off of Alaska.)
MegWhat are Hawaii & Victoria
$3,199
AllisonWhat are Maui & Lanai
$9,400
JoshWhat are Hawaii & Kodiak?
$2,405
Hawaii & Kodiak

Final scores:

Josh Allison Meg
$28,405 $4,800 $1
2-day champion: $46,800 2nd place: $2,000 3rd place: $1,000

Game dynamics:

Coryat scores:

Josh Allison Meg
$22,200 $15,200 $3,200
25 R
(including 2 DDs),
1 W
19 R,
2 W
(including 1 DD)
9 R,
3 W

Combined Coryat: $40,600

The J! Archive is created by fans, for fans. The Jeopardy! game show and all elements thereof, including but not limited to copyright and trademark thereto, are the property of Jeopardy Productions, Inc. and are protected under law. This website is not affiliated with, sponsored by, or operated by Jeopardy Productions, Inc. Join the discussion at JBoard.tv.